[Event "8th Asian Continental Open"]
[Site "Subic Bay PHI"]
[Date "2009.05.21"]
[Round "9"]
[White "Harika,D"]
[Black "Ghaem Maghami,E"]
[Result "1/2-1/2"]
[WhiteElo "2474"]
[BlackElo "2593"]

1.d4 Nf6 2.c4 e6 3.Nc3 Bb4 4.Nf3 O-O 5.Bg5 d5 6.cxd5 exd5 7.Rc1 c6 8.e3 Re8
9.Bd3 Bd6 10.O-O Bg4 11.h3 Bh5 12.e4 dxe4 13.Nxe4 Be7 14.Ng3 Bg6 15.Bc4 Nbd7
16.Ne5 Nb6 17.Bb3 Nfd5 18.Bxe7 Qxe7 19.Qf3 Qh4 20.Rcd1 Qf4 21.Qxf4 Nxf4 22.Rfe1 Kf8
23.Ne2 Nxe2+ 24.Rxe2 Red8 25.Nxg6+ hxg6 26.Re4 Rd7 27.Rde1 g5 28.Rg4 g6 29.Rxg5 Rxd4
30.Rge5 a5 31.R1e4 Rxe4 32.Rxe4 Rd8 33.Kf1 Rd2 34.Re2 Rd4 35.Ke1 Rb4 36.Bd1 Nc4
37.b3 Nd6 38.Rd2 Ke7 39.f3 g5 40.Bc2 Nb5 41.Be4 Nd6 42.Bd3 a4 43.Bc2 a3 44.Bd3 c5
45.Rc2 b6 46.Ke2 Ke6 47.Ke3 Ke5 48.g3 Rd4 49.Rf2 Nf5+ 50.Bxf5 Kxf5 51.Rf1 Ke5
52.Rc1 f5 53.Rc4 f4+ 54.gxf4+ Rxf4 55.Rc1 Rh4 56.Rh1 b5 57.Rg1 Kf6 58.Rc1 c4
59.bxc4 bxc4 60.Rc3 Rxh3 61.Rxa3 g4 62.Kf2 Ke5 63.Ra5+ Kd4 64.fxg4 c3 65.Ke2 Rh2+
66.Kd1 Kd3 67.Rd5+ Kc4 68.Ra5 Rh1+ 69.Kc2 Rh2+ 70.Kc1 Kd3  1/2-1/2

[Event "8th Asian Continental Open"]
[Site "Subic Bay PHI"]
[Date "2009.05.22"]
[Round "10"]
[White "Vidit,S"]
[Black "Gomez,Joh"]
[Result "1/2-1/2"]
[WhiteElo "2441"]
[BlackElo "2538"]

1.d4 Nf6 2.c4 e6 3.Nf3 Bb4+ 4.Nc3 O-O 5.Bg5 h6 6.Bh4 c5 7.e3 cxd4 8.Nxd4 Qa5
9.Bd3 Bxc3+ 10.bxc3 Qxc3+ 11.Kf1 Nc6 12.Nb5 Qe5 13.Bg3 Qh5 14.Qxh5 Nxh5 15.Bd6 Rd8
16.Nc7 Rb8 17.Nb5 Ra8 18.Nc7 Rb8 19.Nb5 Ra8 20.Nc7  1/2-1/2

[Event "8th Asian Continental Open"]
[Site "Subic Bay PHI"]
[Date "2009.05.23"]
[Round "11"]
[White "Sasikiran,K"]
[Black "Torre,E"]
[Result "1-0"]
[WhiteElo "2682"]
[BlackElo "2561"]

1.d4 Nf6 2.c4 e6 3.Nc3 Bb4 4.Nf3 d6 5.Qc2 Nbd7 6.g3 b6 7.Bg2 Bb7 8.O-O Bxc3
9.Qxc3 O-O 10.b3 Be4 11.Bh3 Re8 12.Bb2 a6 13.Rfe1 c6 14.Nd2 Bg6 15.e4 c5
16.Rad1 Bh5 17.f3 cxd4 18.Qxd4 Qc7 19.Bg2 e5 20.Qf2 b5 21.a3 Nc5 22.Bf1 Qb7
23.b4 Ne6 24.h4 h6 25.Nb3 bxc4 26.Na5 Qc7 27.Nxc4 Rad8 28.Rd2 Nd4 29.g4 Bg6
30.h5 Bh7 31.Bxd4 exd4 32.Rxd4 g6 33.hxg6 Bxg6 34.Red1 d5 35.exd5 h5 36.g5 Nh7
37.f4 Qc8 38.Bg2 Nf8 39.Kh2 Bf5 40.Re1 Rxe1 41.Qxe1 Ne6 42.Nb6 Qb8 43.dxe6 Qxb6
44.Rxd8+  1-0

[Event "8th Asian Continental Open"]
[Site "Subic Bay PHI"]
[Date "2009.05.23"]
[Round "11"]
[White "Xiu Deshun"]
[Black "Bitoon,R"]
[Result "1/2-1/2"]
[WhiteElo "2422"]
[BlackElo "2479"]

1.d4 Nf6 2.c4 e6 3.Nc3 Bb4 4.Nf3 Bxc3+ 5.bxc3 d6 6.Bg5 h6 7.Bh4 Nbd7 8.Nd2 e5
9.d5 Nc5 10.Qc2 c6 11.e4 cxd5 12.cxd5 Bd7 13.f3 Rc8 14.Nc4 Qc7 15.a4 O-O
16.Bf2 b5 17.axb5 Bxb5 18.Nd2 Bxf1 19.Kxf1 Nfd7 20.g4 a5 21.Kg2 Rb8 22.Rhb1 Rxb1
23.Rxb1 Rb8 24.Nc4 a4 25.Rb4 Ra8 26.Na3 Ra6 27.Qe2 Qc8 28.Be3 Kh7 29.h4 h5
30.g5 Ra8 31.Qb5 Qf8 32.Qf1 f5 33.Qb1 fxe4 34.fxe4 Qe7 35.Qd1 g6 36.Qe2 Rf8
37.Nb5 Ra8 38.Na3 Kg7 39.Bf2 Qd8 40.Bg3 Qc8 41.Qb5 Qd8 42.Qe2 Kf7 43.Qf3+ Ke7
44.Bf2 Qf8 45.Qxf8+ Rxf8 46.Be3 Nd3 47.Rxa4 Ne1+ 48.Kh1 Rf3 49.Nc4 Rh3+ 50.Kg1 Rxh4
51.Kf2 Nd3+ 52.Kf3 Rxe4 53.Ba7 Rf4+ 54.Ke3 Nf2 55.Rb4 Ng4+ 56.Kd3 h4 57.Rb7 h3
58.Nb6 e4+ 59.Ke2 Rf2+ 60.Ke1 h2 61.Rxd7+ Kf8 62.Rh7 Rf7 63.Rxh2 Nxh2 64.Bb8 Ke7
65.Nc4 Nf3+ 66.Ke2 Rf5 67.Bxd6+ Kd7 68.Bb8 Rxg5 69.Nb6+ Kd8 70.c4 Ne5 71.Ke3 Nd7
72.Bf4 Rf5 73.Nxd7 Kxd7 74.Kxe4 Rf6 75.c5 Ra6 76.Ke5 Ra4 77.c6+ Kc7 78.Bd2 Ra2
79.Bf4 Ra4 80.Bd2 Ra2  1/2-1/2

[Event "Subic Open"]
[Site "Subic PHI"]
[Date "2009.05.26"]
[Round "3"]
[White "Nolte,R"]
[Black "Ghaem Maghami,E"]
[Result "1/2-1/2"]
[WhiteElo "2479"]
[BlackElo "2593"]

1.d4 Nf6 2.c4 e6 3.Nc3 Bb4 4.Nf3 c5 5.g3 cxd4 6.Nxd4 Ne4 7.Bd2 Nxc3 8.Bxc3 Bxc3+
9.bxc3 a6 10.Bg2 Qc7 11.Qb3 d6 12.O-O Nd7 13.Rab1 O-O 14.Nc2 Rb8 15.Rfd1 b5
16.cxb5 Rxb5 17.Qa3 Rc5 18.Rb3 Ne5 19.Ne3 a5 20.f4 Nd7 21.c4 Ba6 22.Qb2 Nf6
23.Rb6 Bxc4 24.Rdxd6 Rb5 25.Rxb5 Bxb5 26.Rd2 Qc5 27.Qd4 Qxd4 28.Rxd4 Rc8
29.Kf2 Kf8 30.Bf3 Ke7 31.g4 Rc3 32.Rd2 Nd7 33.Rb2 Ba6 34.Bb7 Bc4 35.Bf3 Nc5
36.h4 Ba6 37.g5 Bc8 38.Rb5 a4 39.Rb4 Bd7 40.h5 h6 41.Rc4 Rxc4 42.Nxc4 Bb5
43.Nd2 f6 44.gxh6 gxh6 45.Ke3 e5 46.fxe5 fxe5 47.a3 Kf6 48.Ne4+ Nxe4 49.Bxe4 Be8
50.Bf3 Kf5 51.Be4+ Kg5 52.Bf3 Kf5 53.Be4+ Kg5 54.Bf3 Kf5  1/2-1/2

[Event "Subic Open"]
[Site "Subic PHI"]
[Date "2009.05.28"]
[Round "5"]
[White "Nolte,R"]
[Black "Priyadharshan,K"]
[Result "1/2-1/2"]
[WhiteElo "2479"]
[BlackElo "2411"]

1.d4 Nf6 2.c4 e6 3.Nc3 Bb4 4.Nf3 Ne4 5.Qc2 f5 6.g4 d6 7.gxf5 exf5 8.Bd2 Bxc3
9.Bxc3 Nd7 10.Rg1 Qe7 11.Nd2 Ndf6 12.Nxe4 Nxe4 13.Bg2 Nxc3 14.Qxc3 O-O 15.Bf3 c6
16.O-O-O f4 17.Kb1 Bf5+ 18.Ka1 Rae8 19.Qa3 a6 20.Qb4 Kh8 21.h4 a5 22.Qa3 Qc7
23.Qc3 Rf6 24.h5 a4 25.a3 Qf7 26.Rc1 Be4 27.Bg4 d5 28.c5 Bf5 29.Bf3 Qc7 30.Qb4 Ra8
31.Rg2 h6 32.Rcg1 Rf7 33.Qd2 Bh7 34.Rg4 Qa5 35.Qb4 Qxb4 36.axb4 a3 37.bxa3 Rxa3+
38.Kb2 Ra4 39.Kb3 Ra7 40.Rh4 Rf8 41.Re1 Rfa8 42.Kc3 Ra2 43.b5 R8a3+ 44.Kb4 Ra4+
45.Kb3 R4a3+ 46.Kb4 Ra4+ 47.Kb3 R2a3+ 48.Kb2 Ra2+ 49.Kb3 R4a3+ 50.Kb4 Ra4+  1/2-1/2

[Event "Copper State Int"]
[Site "Mesa USA"]
[Date "2009.05.29"]
[Round "2"]
[White "Lenderman,A"]
[Black "Gareev,T"]
[Result "1/2-1/2"]
[WhiteElo "2434"]
[BlackElo "2590"]

1.d4 Nf6 2.c4 e6 3.Nc3 Bb4 4.Nf3 Ne4 5.Bd2 Bxc3 6.bxc3 O-O 7.g3 Nc6 8.Bg2 Na5
9.Qa4 c5 10.dxc5 Nxc5 11.Qb4 b6 12.Bf4 Ba6 13.Bd6 Re8 14.Bxc5 bxc5 15.Qxc5 Bxc4
16.Nd2 d5 17.Nxc4 Nxc4 18.e4 Qf6 19.Rc1 Rec8 20.Qd4 Qxd4 21.cxd4 dxe4 22.Bxe4 Nd6
23.Bxa8 Rxc1+ 24.Kd2 Rc4 25.Kd3 Ra4 26.Rc1 Kf8 27.Rc2 Nf5 28.Rc8+ Ke7 29.Rc7+ Kf6
30.Rd7 h5 31.h3 Rxa2 32.g4 Nh6 33.f3 a5 34.d5 Ra3+ 35.Ke4 Ra4+ 36.Ke3 exd5
37.Bxd5 Ra3+ 38.Ke4 Ra4+ 39.Ke3 Ra1 40.Ra7 a4 41.Ra5 hxg4 42.hxg4 g5 43.Kd4 a3
44.Ra7 Rd1+ 45.Ke4 Re1+ 46.Kd4 Rd1+ 47.Ke4 Ra1 48.Kd4  1/2-1/2

[Event "12th IHEM"]
[Site "Hamburg GER"]
[Date "2009.05.30"]
[Round "1"]
[White "Pajeken,W"]
[Black "Mueller,Joe"]
[Result "1-0"]
[WhiteElo "2317"]
[BlackElo "2098"]

1.d4 Nf6 2.c4 e6 3.Nc3 Bb4 4.Nf3 b6 5.Bg5 Bb7 6.e3 O-O 7.Bd3 d5 8.cxd5 exd5
9.Qc2 h6 10.Bh4 Nbd7 11.g4 Qe8 12.g5 hxg5 13.Nxg5 c5 14.Kf1 Rc8 15.Rg1 Bxc3
16.Qxc3 Ne4 17.Nxe4 dxe4 18.Bb5 f6 19.Qb3+ Kh7 20.Qa4 Rd8 21.Qxa7 Bc8 22.dxc5 bxc5
23.Bg3 Qe6 24.Bc7 Rde8 25.Rd1 Rf7 26.Qa4 Rfe7 27.Rg3 g5 28.Bd6 Rg7 29.Qc4 Qf5
30.Rd5 Ne5 31.Qxc5 Bd7 32.Bxe5 Bxb5+ 33.Qxb5 Rxe5 34.Rxe5 fxe5 35.Qe2 g4
36.Kg2 Qh5 37.Qc4 Qf5 38.a3 Rf7 39.Qc2 Kh6 40.b4 Qg6 41.b5 Rf3 42.Qc6 Rf6
43.Qd7 Kh5 44.h3  1-0

[Event "TOP 16 Poule Haute"]
[Site "Le Port Marly FRA"]
[Date "2009.05.30"]
[Round "10"]
[White "Feller,S"]
[Black "Palac,M"]
[Result "1/2-1/2"]
[WhiteElo "2539"]
[BlackElo "2571"]

1.d4 Nf6 2.c4 e6 3.Nc3 Bb4 4.Nf3 d5 5.cxd5 exd5 6.Bg5 Nbd7 7.Qa4 c5 8.dxc5 Bxc3+
9.bxc3 O-O 10.Qb4 h6 11.Bh4 Re8 12.e3 Re4 13.Qa3 Qe7 14.Bxf6 Nxf6 15.Be2 Bg4
16.Rb1 a6 17.O-O Rc8 18.Qb3 Rc7 19.h3 Bh5 20.c6 b5 21.a4 Rxa4 22.Ra1 Rxa1
23.Rxa1 Bxf3 24.Bxf3 Rxc6 25.Bxd5 Nxd5 26.Qxd5 Qf6 27.Qd4 Qxd4 28.exd4 Rxc3  1/2-1/2

[Event "Copper State Int"]
[Site "Mesa USA"]
[Date "2009.06.01"]
[Round "7"]
[White "Lenderman,A"]
[Black "Kacheishvili,G"]
[Result "0-1"]
[WhiteElo "2434"]
[BlackElo "2613"]

1.d4 Nf6 2.c4 e6 3.Nc3 Bb4 4.Nf3 c5 5.g3 Bxc3+ 6.bxc3 Qa5 7.Qd3 b6 8.Bg2 Bb7
9.O-O Be4 10.Qe3 O-O 11.Nd2 Bxg2 12.Kxg2 d6 13.Ne4 Nxe4 14.Qxe4 Nd7 15.Bf4 e5
16.dxe5 dxe5 17.Bg5 Qa4 18.Rad1 Rfe8 19.h4 Nf8 20.h5 h6 21.Be3 Rad8 22.Rxd8 Rxd8
23.Qg4 Nh7 24.f3 Nf6 25.Qf5 Qxc4 26.Bxh6 Qxe2+ 27.Rf2 Qd3 28.Qxe5 Re8 29.Qf4 Qxc3
30.Qg5 Nh7 31.Qg4 Qe5 32.Bf4 Nf6  0-1

[Event "12th IHEM"]
[Site "Hamburg GER"]
[Date "2009.06.02"]
[Round "4"]
[White "Kopylov,M"]
[Black "Parligras,M"]
[Result "1-0"]
[WhiteElo "2457"]
[BlackElo "2586"]

1.d4 Nf6 2.c4 e6 3.Nc3 Bb4 4.Nf3 O-O 5.Bg5 c5 6.Rc1 cxd4 7.Nxd4 b6 8.e3 a6
9.Bd3 Bb7 10.Bb1 h6 11.Bh4 Nc6 12.O-O Ne5 13.Qb3 Be7 14.Rfd1 d6 15.c5 bxc5
16.Nxe6 fxe6 17.Qxb7 Rb8 18.Qxa6 Rxb2 19.Na4 Rb4 20.Bxf6 Rxf6 21.Nxc5 Rb6
22.Qa7 Rb2 23.Ne4 Rf7 24.Qd4 Qb8 25.Rc8+ Qxc8 26.Qxb2 Bf8 27.h3 Rb7 28.Qd4 Qb8
29.Bc2 Rb4 30.Qd2 Rb2 31.Qc3 d5 32.Bb3 Rxb3 33.Qxb3 Qxb3 34.axb3 dxe4 35.Rd4 Kf7
36.Rxe4 Nd3 37.Kf1 g5 38.Rc4 Nb4 39.Ke2 h5 40.Rc8 Bd6 41.Kd2 Kf6 42.Kc3 g4
43.hxg4 hxg4 44.Rg8 Kf5 45.e4+ Kf4 46.Rg6 Na2+ 47.Kc4 Kxe4 48.Rxe6+ Be5 49.b4 Kf5
50.Re8 Nc1 51.b5 Ne2 52.b6 Nd4 53.Kd5  1-0

[Event "Copper State Int"]
[Site "Mesa USA"]
[Date "2009.06.02"]
[Round "8"]
[White "Ristovic,N"]
[Black "Boor,C"]
[Result "0-1"]
[WhiteElo "2252"]
[BlackElo "2291"]

1.d4 Nf6 2.c4 e6 3.Nc3 Bb4 4.Nf3 b6 5.Bg5 h6 6.Bh4 Bxc3+ 7.bxc3 d6 8.e3 Nbd7
9.Bd3 Bb7 10.O-O Qe7 11.Nd2 g5 12.Bg3 Rg8 13.a4 h5 14.f3 h4 15.Bf2 a5 16.Ra2 Nh5
17.Qe1 f5 18.e4 f4 19.Nb3 c5 20.Qb1 e5 21.h3 Ng3 22.Rd1 Kf7 23.Na1 Ba6 24.Nc2 Rac8
25.Na3 Qf6 26.Rb2 Rb8 27.Nb5 Bxb5 28.cxb5 Qe6 29.Qa2 Qxa2 30.Rxa2 Rgc8 31.Bc4+ Ke7
32.Bd5 Nf6 33.Bc6 Rh8 34.Rad2 Ngh5 35.Kf1 Ng7 36.Ke2 Ne6 37.d5 Nd8 38.c4 Nf7
39.Rh1 Rbg8 40.Rdd1 Kd8 41.Ra1 Kc7 42.Rae1 Nh5 43.Kd3 Ng3 44.Rhg1 Rh6 45.Rc1 Rgh8
46.Rc2 g4 47.fxg4 Ng5 48.Be1 N3xe4 49.Re2 Ng3 50.Bxg3 hxg3  0-1

[Event "ch-UZB"]
[Site "Tashkent UZB"]
[Date "2009.06.07"]
[Round "9"]
[White "Kvon,A"]
[Black "Faizulaev,A"]
[Result "1-0"]
[WhiteElo "2425"]
[BlackElo "2275"]

1.d4 Nf6 2.c4 e6 3.Nc3 Bb4 4.Nf3 c5 5.g3 b6 6.Bg2 Bb7 7.O-O cxd4 8.Qxd4 Nc6
9.Qd3 O-O 10.b3 d5 11.cxd5 Ne7 12.Bb2 Nexd5 13.Nb5 Be7 14.Ng5 h6 15.Bxf6 hxg5
16.Be5 Bf6 17.Bxf6 gxf6 18.Rfd1 a6 19.Nc3 Qe7 20.Nxd5 exd5 21.e3 Rfd8 22.Rac1 Rd6
23.Qf5 Rad8 24.Rd4 Qe6 25.Qd3 Kg7 26.h4 Rh8 27.e4 Rhd8 28.Rd1 Qe5 29.exd5 gxh4
30.gxh4 Kh8 31.Qe3 Qh5 32.Qf3 Qh7 33.Qf4 f5 34.Qe5+ f6 35.Qf4 R6d7 36.R1d3 Rg8
37.Rg3 Rdg7 38.Bf3 Re8 39.Kh2 Rxg3 40.fxg3 Re5 41.d6 Bxf3 42.d7 Re2+ 43.Kg1 Re1+
44.Kf2 Re2+ 45.Kf1 Re1+ 46.Kf2 Re2+ 47.Kxf3 Qh5+ 48.g4 fxg4+ 49.Kxe2  1-0

[Event "TCh-BUL"]
[Site "Sunny Beach BUL"]
[Date "2009.06.09"]
[Round "2"]
[White "Rusev,K"]
[Black "Antic,De"]
[Result "1/2-1/2"]
[WhiteElo "2498"]
[BlackElo "2513"]

1.d4 e6 2.c4 Nf6 3.Nf3 Bb4+ 4.Nc3 c5 5.g3 cxd4 6.Nxd4 O-O 7.Bg2 d5 8.cxd5 Nxd5
9.Qb3 Nc6 10.Nxc6 bxc6 11.O-O Qa5 12.Bd2 Bxc3 13.Bxc3 Nxc3 14.Qxc3 Qxc3 15.bxc3 Ba6
16.Bxc6 Rac8 17.Bf3 Rxc3 18.Rfc1 Rfc8 19.Rxc3 Rxc3 20.Rd1 g6 21.Rd7 Rc2 22.Rxa7 Rxa2
23.Bb7 Ra1+ 24.Kg2 Bxb7+ 25.Rxb7 Kf8 26.h4 h5 27.Rb2 Ra7 28.Rc2 Rb7 29.Rd2 Ra7
30.Rb2 Rd7 31.e3  1/2-1/2

[Event "Maia Chiburdanidze Cup"]
[Site "Tbilisi GEO"]
[Date "2009.06.10"]
[Round "6"]
[White "Purtseladze,M"]
[Black "Muzychuk,M"]
[Result "1/2-1/2"]
[WhiteElo "2327"]
[BlackElo "2441"]

1.d4 Nf6 2.c4 e6 3.Nc3 Bb4 4.Nf3 b6 5.g3 Bb7 6.Bg2 Bxc3+ 7.bxc3 O-O 8.O-O d6
9.Bg5 Nbd7 10.Nd2 Bxg2 11.Kxg2 h6 12.Bxf6 Nxf6 13.e4 e5 14.f4 Re8 15.Qf3 Qd7
16.a4 a5 17.h3 Qc6 18.d5 Qd7 19.f5 Qe7 20.g4 Nd7 21.Qg3 f6 22.h4 Kf7 23.Qe3 Rh8
24.Nf3 Nc5 25.Qe2 Rag8 26.h5  1/2-1/2

[Event "TCh-BUL"]
[Site "Sunny Beach BUL"]
[Date "2009.06.11"]
[Round "4"]
[White "Chatalbashev,B"]
[Black "Nikolov,Mo"]
[Result "1/2-1/2"]
[WhiteElo "2571"]
[BlackElo "2506"]

1.d4 Nf6 2.c4 e6 3.Nc3 Bb4 4.Nf3 b6 5.Bg5 h6 6.Bh4 g5 7.Bg3 Ne4 8.Qc2 Bb7
9.Nd2 Bxc3 10.bxc3 Nxg3 11.hxg3 d6 12.e4 Qf6 13.Bd3 e5 14.Nb3 Nd7 15.Rb1 O-O-O
16.a4 h5 17.Qe2 h4 18.g4 c5 19.d5 a5 20.Nd2 Kc7 21.Nf1 Rb8 22.Ne3 Nf8 23.Kd2 Bc8
24.g3 Ng6 25.Nf5 Bd7 26.Bc2 hxg3 27.fxg3 Rxh1 28.Rxh1 Rh8 29.Rh5 Bxf5 30.gxf5 Nf8
31.Qh2 Rxh5 32.Qxh5  1/2-1/2

[Event "13th Open"]
[Site "Voronezh RUS"]
[Date "2009.06.14"]
[Round "3"]
[White "Belov,Vl"]
[Black "Provotorov,I"]
[Result "1-0"]
[WhiteElo "2623"]
[BlackElo "2408"]

1.d4 Nf6 2.c4 e6 3.Nc3 Bb4 4.Nf3 c5 5.g3 d5 6.cxd5 Nxd5 7.Bd2 Nc6 8.Nxd5 Bxd2+
9.Qxd2 Qxd5 10.dxc5 Qxc5 11.Rc1 Qe7 12.Bg2 O-O 13.O-O e5 14.Qe3 f6 15.a3 Be6
16.b4 a6 17.Rc5 Rad8 18.h3 Rd7 19.Kh2 Rfd8 20.Rfc1 Qf7 21.R5c2 Ne7 22.Rc7 Nf5
23.Qb6 e4 24.Nd2 e3 25.Ne4 Bd5 26.Rxd7 Qxd7 27.Rd1 Qe7 28.Nc3 Rd6 29.Bxd5+ Kf8
30.Qc5  1-0

[Event "zt 3.4"]
[Site "Tashkent UZB"]
[Date "2009.06.19"]
[Round "4"]
[White "Pak,Y"]
[Black "Mankeyev,Raua"]
[Result "1/2-1/2"]
[WhiteElo "2328"]
[BlackElo "2402"]

1.d4 Nf6 2.c4 e6 3.Nf3 Bb4+ 4.Nc3 c5 5.g3 b6 6.Bg2 Bb7 7.O-O O-O 8.d5 Bxc3
9.bxc3 d6 10.Nh4 Kh8 11.Bg5 h6 12.Bxf6 Qxf6 13.dxe6 Bxg2 14.Nxg2 Qxe6 15.Nf4 Qxc4
16.Qxd6 Na6 17.Rac1 Rfd8 18.Qe7 Re8 19.Qb7 Reb8 20.Qe7 Re8 21.Qb7 Reb8 22.Qf3 Nc7
23.Rfd1 Ne6 24.Nxe6 Qxe6 25.Rd5 Rd8 26.e4 Rd7 27.Rcd1 Re7 28.e5 Rae8 29.h4 Kg8
30.a4 Qh3 31.Qg2 Qg4 32.f4 f6 33.Re1 fxe5 34.Rdxe5 Rxe5 35.Rxe5 Qd1+ 36.Kh2 Qxa4
37.Qd5+ Kh8 38.h5 a5 39.Kh3 Rg8 40.Re6 Qc2 41.Qe5 Kh7 42.Rxb6 a4 43.Ra6 Qb1
44.Ra7 Kh8 45.Qd5 Qf1+ 46.Kh4 Qe2 47.Rxa4 g5+ 48.hxg6 Qh2+ 49.Kg4 Rxg6+ 50.Kf3 Qh5+
51.Ke4 Qe2+ 52.Kf5  1/2-1/2

[Event "13th Master Open"]
[Site "Voronezh RUS"]
[Date "2009.06.19"]
[Round "8"]
[White "Tarasova,Viktoriy"]
[Black "Ozolin,M"]
[Result "1/2-1/2"]
[WhiteElo "2292"]
[BlackElo "2370"]

1.d4 Nf6 2.c4 e6 3.Nc3 Bb4 4.Nf3 b6 5.Bg5 Bb7 6.Nd2 h6 7.Bh4 Nc6 8.e3 Bxc3
9.bxc3 Qe7 10.Be2 g5 11.Bg3 d6 12.Qc2 O-O-O 13.a4 Na5 14.e4 Nxe4 15.Nxe4 f5
16.Nd2 f4 17.O-O h5 18.Rfe1 fxg3 19.fxg3 g4 20.Bd3 Kb8 21.Be4 h4 22.Bxb7 Nxb7
23.Qg6 hxg3 24.hxg3 e5 25.c5  1/2-1/2

[Event "13th Master Open"]
[Site "Voronezh RUS"]
[Date "2009.06.20"]
[Round "9"]
[White "Romanov,E"]
[Black "Ibrayev,N"]
[Result "1-0"]
[WhiteElo "2589"]
[BlackElo "2406"]

1.d4 Nf6 2.c4 e6 3.Nc3 Bb4 4.Nf3 d5 5.cxd5 exd5 6.Bg5 Nbd7 7.Qa4 Bxc3+ 8.bxc3 O-O
9.e3 Qe8 10.Bf4 Qd8 11.Bd3 c5 12.Qa3 c4 13.Bc2 Re8 14.Nd2 Nf8 15.O-O Ng6
16.Bg3 Nh5 17.e4 Nhf4 18.Rfe1 Be6 19.Re3 b5 20.Rae1 a5 21.Bxf4 Nxf4 22.g3 b4
23.cxb4 axb4 24.Qxb4 Nh3+ 25.Kg2 dxe4 26.Bxe4 Rb8 27.Qc3 Ng5 28.Bc6 Bd5+
29.Bxd5 Qxd5+ 30.f3 Rxe3 31.Rxe3 h6 32.Qxc4 Qa5 33.Re2 Qf5 34.g4 Qf6 35.d5 Nh7
36.Ne4 Qf4 37.Qd3 Nf8 38.Ng3 Ng6 39.Qe4 Qc1 40.Rc2 Nf4+ 41.Kf2 Qd1 42.Qa4 Rd8
43.Qb3 Nd3+ 44.Ke3 Nb4 45.Qxb4 Re8+ 46.Ne4 Qxc2 47.d6 Qxa2 48.d7 Rd8 49.Qe7 Qb3+
50.Kf4 Qb8+ 51.Ke3 Rf8 52.Nc5 Qb6 53.Kd4 Qc7 54.Kd5 Qb6 55.h4 Qc7 56.h5 Qb8
57.f4 Qa8+ 58.Ke5 Qb8+ 59.Qd6 Qb2+ 60.Kd5 Qg2+ 61.Kc4 Qe2+ 62.Qd3 Qa2+ 63.Qb3 Qe2+
64.Qd3 Qxd3+ 65.Kxd3 Rd8 66.Kd4 Kf8 67.Kd5 Ke7 68.Kc6 g6 69.g5 gxh5 70.gxh6 h4
71.Nb7 h3 72.Nxd8 h2 73.Kc7 h1=Q 74.Nc6+ Ke6 75.d8=Q Kf5 76.Qg5+ Ke4 77.Qe5+ Kd3
78.Qf5+  1-0

[Event "1st Int"]
[Site "Villa De Aranjuez ESP"]
[Date "2009.06.24"]
[Round "5"]
[White "Sanchez Gonzalez,S"]
[Black "Suba,M"]
[Result "1/2-1/2"]
[WhiteElo "2256"]
[BlackElo "2542"]

1.c4 Nf6 2.d4 e6 3.Nc3 Bb4 4.Nf3 c5 5.e3 O-O 6.Bd3 d5 7.O-O dxc4 8.Bxc4 Nbd7
9.a3 cxd4 10.exd4 Bxc3 11.bxc3 Qc7 12.Qb3 b6 13.Be2 Bb7 14.g3 e5  1/2-1/2

[Event "zt 3.4"]
[Site "Tashkent UZB"]
[Date "2009.06.25"]
[Round "13"]
[White "Kvon,A"]
[Black "Mankeyev,Raua"]
[Result "1-0"]
[WhiteElo "2425"]
[BlackElo "2402"]

1.d4 Nf6 2.c4 e6 3.Nc3 Bb4 4.Nf3 O-O 5.Bg5 h6 6.Bh4 b6 7.e3 Bb7 8.Bd3 g5
9.Bg3 Ne4 10.O-O Bxc3 11.bxc3 f5 12.Nd2 Nxd2 13.Qxd2 d6 14.f3 Nd7 15.Rab1 Rb8
16.Qc2 a5 17.e4 f4 18.Bf2 Qe7 19.Rfd1 Rf7 20.Kf1 Rbf8 21.Qb3 g4 22.Ke2 Qg5
23.h3 Nf6 24.Kd2 gxf3 25.gxf3 Kh8 26.Rg1 Qh5 27.Qd1 e5 28.h4 Bc6 29.Rg2 Rd8
30.Qh1 Rg7 31.Rxg7 Kxg7 32.Rg1+ Kh7 33.Be2 Rg8 34.Rxg8 Kxg8 35.Qh3 Bd7 36.Qh1 Be6
37.Qb1 Qe8 38.c5 bxc5 39.dxe5 dxe5 40.Bxc5 Qd8+ 41.Kc2 Nd7 42.Bf2 Kg7 43.Qb5 Bxa2
44.c4 Nb6 45.Qxe5+ Qf6  1-0

[Event "Open"]
[Site "Albena BUL"]
[Date "2009.06.26"]
[Round "7"]
[White "Arnaudov,G"]
[Black "Arnaudov,P"]
[Result "1-0"]
[WhiteElo "2449"]
[BlackElo "2199"]

1.d4 Nf6 2.c4 e6 3.Nf3 Bb4+ 4.Nc3 Bxc3+ 5.bxc3 d6 6.Bg5 h6 7.Bh4 Nbd7 8.Nd2 b6
9.e4 Bb7 10.Bd3 e5 11.O-O Qe7 12.f3 g5 13.Bf2 Nh5 14.Re1 Nf4 15.Bf1 h5 16.g3 Ne6
17.Bh3 Rg8 18.Nf1 g4 19.fxg4 Ng5 20.Bg2 hxg4 21.Qxg4 Nf6 22.Qe2 O-O-O 23.d5 Kb8
24.h4 Ngh7 25.Bh3 Qf8 26.Kh2 Bc8 27.Bxc8 Rxc8 28.Qf3 Ng4+ 29.Kg2 Nhf6 30.Be3 Rg6
31.Bg5 Qg7 32.a4 Rh8 33.Ra2 Rxg5 34.hxg5 Qh7 35.Kg1 Ne8 36.Qxg4 Qh1+ 37.Kf2 Rh2+
38.Nxh2 Qxh2+ 39.Ke3 Qxa2 40.Qd7  1-0

[Event "II Magistral"]
[Site "Asuncion PAR"]
[Date "2009.06.29"]
[Round "2"]
[White "Vera Gonzalez Quevedo,R"]
[Black "Rodriguez Vila,A"]
[Result "1/2-1/2"]
[WhiteElo "2479"]
[BlackElo "2524"]

1.d4 e6 2.c4 Nf6 3.Nc3 Bb4 4.Nf3 O-O 5.Qc2 d6 6.Bd2 Nc6 7.a3 Bxc3 8.Bxc3 Qe7
9.Rd1 e5 10.d5 Nb8 11.e4 a5 12.b4 axb4 13.axb4 Bd7 14.Ra1 Rxa1+ 15.Bxa1 Na6
16.Bc3 c5 17.dxc6 bxc6 18.c5 Bc8 19.cxd6 Qxd6 20.Be2 Re8 21.O-O Nxb4 22.Qa4 c5
23.Bxe5 Bd7 24.Bxd6 Bxa4 25.Bxc5 Rxe4 26.Bxb4  1/2-1/2

[Event "Petr Izmailov Mem"]
[Site "Tomsk RUS"]
[Date "2009.06.29"]
[Round "6"]
[White "Romanov,E"]
[Black "Sviridov,Va"]
[Result "1-0"]
[WhiteElo "2589"]
[BlackElo "2154"]

1.d4 Nf6 2.c4 e6 3.Nc3 Bb4 4.Nf3 c5 5.g3 O-O 6.Bg2 Ne4 7.Bd2 Nxd2 8.Qxd2 Nc6
9.a3 Bxc3 10.Qxc3 d6 11.O-O Qf6 12.Rad1 Rb8 13.b4 b6 14.b5 Na5 15.Qc2 Bb7
16.d5 e5 17.Nd2 Rbe8 18.Be4 Qh6 19.f4 Bc8 20.f5 Bd7 21.Bd3 Rd8 22.Rf3 f6
23.Rdf1 Qh5 24.Ne4 Be8 25.Nf2 Qf7 26.g4 Qd7 27.Ne4 h6 28.Rg3 Kf7 29.h4 Ke7
30.Qd2 Bf7 31.g5 hxg5 32.hxg5 Rh8 33.gxf6+ gxf6 34.Nxf6  1-0

[Event "ch-SWE"]
[Site "Kungsor SWE"]
[Date "2009.07.01"]
[Round "4"]
[White "Tikkanen,H"]
[Black "Johansson,Ja SWE"]
[Result "1-0"]
[WhiteElo "2425"]
[BlackElo "2440"]

1.d4 Nf6 2.c4 e6 3.Nf3 Bb4+ 4.Nc3 c5 5.g3 Nc6 6.Bg2 Ne4 7.Bd2 Bxc3 8.bxc3 Na5
9.dxc5 Qc7 10.Be3 Nxc4 11.Qd4 Nxe3 12.fxe3 Nf6 13.Ne5 O-O 14.O-O Ne8 15.Nc4 Rb8
16.Rab1 b6 17.cxb6 axb6 18.Nxb6 Nd6 19.Na8 Rxa8 20.Bxa8 Nc4 21.Be4 f5 22.Rb4 Ne5
23.Bg2 Ba6 24.Rfb1 Rc8 25.Rb6 Bxe2 26.Rb7 Qa5 27.Ra7  1-0

[Event "ZMD Open"]
[Site "Dresden GER"]
[Date "2009.07.02"]
[Round "9"]
[White "Stuerken,A"]
[Black "Liebscher,H"]
[Result "1/2-1/2"]
[WhiteElo "1957"]
[BlackElo "2102"]

1.d4 Nf6 2.Nf3 e6 3.c4 Bb4+ 4.Nc3 b6 5.Bg5 h6 6.Bxf6 Qxf6 7.e3 Bb7 8.Be2 O-O
9.O-O d5 10.cxd5 exd5 11.a3 Bxc3 12.bxc3 c5  1/2-1/2

[Event "World Open"]
[Site "Philadelphia USA"]
[Date "2009.07.05"]
[Round "9"]
[White "Lenderman,A"]
[Black "Gareev,T"]
[Result "1/2-1/2"]
[WhiteElo "2434"]
[BlackElo "2590"]

1.d4 Nf6 2.c4 e6 3.Nc3 Bb4 4.Nf3 d6 5.Bg5 h6 6.Bh4 Bxc3+ 7.bxc3 c5 8.Nd2 Nc6
9.e3 e5 10.Bxf6 Qxf6 11.dxc5 Bf5 12.Qf3 dxc5 13.g4 Bc2 14.Qxf6 gxf6 15.Rc1 Bg6
16.Bg2 O-O-O 17.Nb3 h5 18.gxh5 Rxh5 19.Nxc5 Na5 20.Bd5 Rh4 21.Rd1 Rdh8 22.Nd7 Bh5
23.Nxf6 Bxd1 24.Kxd1 Kd8 25.c5 Nc6 26.Ke2 Rxh2 27.Rb1 Kc7 28.Bxf7 Rf8 29.Ne8+ Kb8
30.Nd6 b6 31.Rf1 Ne7 32.Bc4 Rh4 33.cxb6 axb6 34.Bb3 Kc7 35.Nc4 e4 36.Nd2 Nf5
37.Rg1 Nd6 38.Rg7+ Kc6 39.Rg6 Kc7 40.Rg7+ Kc6 41.Rg6 Kd7 42.Rg7+ Ke8 43.Rg6 Ke7
44.Nf1 Rf6 45.Rg7+ Kd8 46.Rg5 Rh8 47.Rg2 Nb5 48.c4 Nd6 49.Nd2 Rh4 50.Bc2 Ke7
51.Bb3 Kf8 52.Bc2 Kf7 53.Bb3 Ke7 54.Bc2 Kf8 55.Bb3 Nb7 56.Bc2 Nc5 57.Rg1 Ke7
58.Rg7+ Kd6 59.Rg2 Kc7 60.Rg7+ Kb8 61.Rg2 Rf7 62.Rg8+ Kc7 63.Rg2 Rf6 64.Rg7+ Kd6
65.Rg2 Ke7 66.Rg1 Ke6 67.Rb1 Ke7 68.Rg1 Rh2 69.Rf1 Re6 70.Rg1 Kd6 71.Rb1 Ke5
72.Rb5 Kf6 73.Rb1 Rg2 74.Rh1 Kg7 75.Kf1 Rg4 76.Ke2 Rf6 77.Kf1 Kf7 78.Ke2 Ke6
79.Rb1 Ke7 80.Rh1 Rf7 81.Rb1 Rf6 82.Rh1  1/2-1/2

[Event "37th Greek Teams"]
[Site "Kallithea GRE"]
[Date "2009.07.06"]
[Round "6"]
[White "Wojtaszek,R"]
[Black "Papaioannou,I"]
[Result "1/2-1/2"]
[WhiteElo "2637"]
[BlackElo "2624"]

1.d4 Nf6 2.c4 e6 3.Nc3 Bb4 4.Nf3 c5 5.g3 O-O 6.Bg2 cxd4 7.Nxd4 d5 8.cxd5 Nxd5
9.Qb3 Nc6 10.Nxc6 bxc6 11.O-O Rb8 12.a3 Bd6 13.Qc2 Ba6 14.Ne4 Be7 15.b4 Bb5
16.Nc5 a5 17.bxa5 Qxa5 18.Nd7 Ba4 19.Qd2 Qxd2 20.Bxd2 Rb2 21.Bc1 Rxe2 22.Nxf8 Kxf8
23.Bf3 Rc2 24.Bd1 Rc4 25.Bxa4 Rxa4 26.Rb1 Bd6 27.Re1 h5 28.Kg2 Kg8 29.Rb7 Bxa3
30.Bxa3 Rxa3 31.Rc1 Ra6 32.Rd7 Nf6 33.Rc7 Nd5 34.Rc8+ Kh7 35.Rb1 Ra7 36.Rxc6 g6
37.Rb8 Kg7 38.Rcc8 Rd7 39.Rg8+ Kf6 40.Rh8 Ra7 41.Rh7 Rc7 42.Rb3 Rc3 43.Rb2 Rc7
44.h4 Ke7 45.Rb3 Nf6 46.Rh8 Nd5 47.Rhb8 Kf6 48.Rb2 Kg7 49.Kf3 Rc3+ 50.Ke4 Nf6+
51.Kd4 Rf3 52.R8b3 Rf5 53.f3 Ra5 54.Rb7 Ra3 55.R2b3 Ra1 56.Ke3 Ra2 57.Rb2 Ra3+
58.Kf2 Ra5 59.Rc2 Nd5 60.Rbb2 Ra7 61.Ra2 Rb7 62.Rcb2 Rc7 63.Ra3 Nc3 64.Kg2 Nd5
65.Rba2 Rb7 66.Kf2 Rb5 67.Ra7 Rb3 68.Rd7 Nf6 69.Rdd2 Rb7 70.Rd8 Nd5 71.Rda8 Nf6
72.R8a7 Rb3 73.Re2 Rb6 74.Raa2 Rb7 75.Reb2 Rc7 76.Rb3 Rd7 77.Ra4 Rd2+ 78.Ke3 Rg2
79.Ra7 Ng8 80.Rb6  1/2-1/2

[Event "37th Greek Teams"]
[Site "Kallithea GRE"]
[Date "2009.07.06"]
[Round "6"]
[White "Chatalbashev,B"]
[Black "Willemze,T"]
[Result "1-0"]
[WhiteElo "2548"]
[BlackElo "2419"]

1.d4 e6 2.c4 Nf6 3.Nc3 Bb4 4.Nf3 d5 5.cxd5 exd5 6.Qa4+ Nc6 7.Bg5 h6 8.Bxf6 Qxf6
9.e3 O-O 10.Be2 Rd8 11.O-O a6 12.a3 Bf8 13.Qb3 Bg4 14.h3 Be6 15.Qxb7 Ne7
16.Qxc7 Ng6 17.Qh2 Bd6 18.g3 Qe7 19.Rfd1 Rdb8 20.Rd2 Rb6 21.h4 Qd7 22.Ne1 Ne7
23.Nd3 Nf5 24.Nc5 Qe7 25.Bd3 Qf6 26.Qg2 Bxc5 27.Nxd5 Qd8 28.dxc5 Bxd5 29.Bxf5  1-0